MARC details
| 000 -LEADER |
| fixed length control field |
01222 a2200337 4500 |
| 001 - CONTROL NUMBER |
| control field |
78168 |
| 003 - CONTROL NUMBER IDENTIFIER |
| control field |
TR-AnTOB |
| 005 - DATE AND TIME OF LATEST TRANSACTION |
| control field |
20250902093025.0 |
| 008 - FIXED-LENGTH DATA ELEMENTS--GENERAL INFORMATION |
| fixed length control field |
100714s1998 tu 000 0 |
| 020 ## - INTERNATIONAL STANDARD BOOK NUMBER |
| International Standard Book Number |
9754550212 |
| 035 ## - SYSTEM CONTROL NUMBER |
| System control number |
78168 |
| 040 ## - CATALOGING SOURCE |
| Original cataloging agency |
TOBB ETÜ |
| Transcribing agency |
TR-AnTOB |
| 041 ## - LANGUAGE CODE |
| Language code of text/sound track or separate title |
Türkçe |
| 050 ## - LIBRARY OF CONGRESS CALL NUMBER |
| Classification number |
KKX1376.A31983 |
| 090 ## - LOCALLY ASSIGNED LC-TYPE CALL NUMBER (OCLC); LOCAL CALL NUMBER (RLIN) |
| Classification number (OCLC) (R) ; Classification number, CALL (RLIN) (NR) |
KKX1376.A31983 |
| Local cutter number (OCLC) ; Book number/undivided call number, CALL (RLIN) |
T87 1998 |
| 240 ## - UNIFORM TITLE |
| Uniform title |
Toplu iş sözleşmesi, grev, ve lokavt kanunu. |
| 9 (RLIN) |
63858 |
| 245 00 - TITLE STATEMENT |
| Title |
2822 sayılı toplu iş sözleşmesi grev ve lokavt kanunu. |
| 246 03 - VARYING FORM OF TITLE |
| Title proper/short title |
İkibin sekizyüz yirmi iki |
| 264 #1 - PRODUCTION, PUBLICATION, DISTRIBUTION, MANUFACTURE, AND COPYRIGHT NOTICE |
| Place of production, publication, distribution, manufacture |
Ankara : |
| Name of producer, publisher, distributor, manufacturer |
T.C.Çalışma ve Sosyal Güvenlik Bakanlığı, |
| Date of production, publication, distribution, manufacture, or copyright notice |
1998. |
| 300 ## - PHYSICAL DESCRIPTION |
| Extent |
46 s.; 18 cm. |
| 410 ## - SERIES STATEMENT/ADDED ENTRY--CORPORATE NAME [OBSOLETE, CAN/MARC], [LOCAL, USA] |
| Corporate name or jurisdiction name as entry element |
T.C.Çalışma ve Sosyal Güvenlik Bakanlığı Araştırma Planlama ve Koordinasyon Kurulu Başkanlığı yayın no; |
| -- |
Kanunlar dizini; |
| Volume number/sequential designation |
81. |
| -- |
3 |
| 590 ## - LOCAL NOTE (RLIN) |
| Local note |
Sayın Ahmet Şağar tarafından bağışlanmıştır. |
| 650 00 - SUBJECT ADDED ENTRY--TOPICAL TERM |
| Topical term or geographic name entry element |
Grevler ve lokavtlar |
| General subdivision |
Hukuk ve mevzuat |
| Geographic subdivision |
Türkiye |
| 9 (RLIN) |
63857 |
|
| Topical term or geographic name entry element |
Strikes and lockouts |
| General subdivision |
Law and legislation |
| Geographic subdivision |
Turkey |
| 9 (RLIN) |
38655 |
|
| Topical term or geographic name entry element |
Ticaret hukuku |
| Geographic subdivision |
Türkiye |
| Source of heading or term |
etuturkob |
| 9 (RLIN) |
34380 |
|
| Topical term or geographic name entry element |
Commercial law |
| Geographic subdivision |
United States |
| 9 (RLIN) |
460 |
| 902 ## - LOCAL DATA ELEMENT B, LDB (RLIN) |
| a |
28538 |
| 903 ## - LOCAL DATA ELEMENT C, LDC (RLIN) |
| a |
Merkez Kütüphane |
| 942 ## - ADDED ENTRY ELEMENTS (KOHA) |
| Koha item type |
Book |
| Source of classification or shelving scheme |
Library of Congress Classification |